| 000 | 01224nam a22003017a 4500 | ||
|---|---|---|---|
| 003 | OSt | ||
| 005 | 20230726151000.0 | ||
| 008 | 220929b |||||||| |||| 00| 0 eng d | ||
| 040 | _cBiblioteca Lado V | ||
| 082 |
_a306.4 _bI61k |
||
| 110 |
_9933 _aINTERARTS _eautor |
||
| 245 |
_aKARIS/ _bPublicación Bimestral de INTERARTS, Observatorio Europeo de Políticas culturales urbanas y Regionales/ |
||
| 260 |
_aBarcelona _bMälmo Municipaly _c1998 |
||
| 300 |
_a42p. _c41x30cm |
||
| 490 | _a6 | ||
| 505 | _aEditorial | ||
| 505 | _aProyecto INCLUDE: Cultura y ocupación | ||
| 505 | _aINTERARTS´98 | ||
| 505 |
_aDossier: América Latina _tCooperación Cultural internacional y espacio euroamericano Diatriba de amor Programa URB-AL Entrevista a Nestor García Canclini |
||
| 505 | _aMonsieur Oreja vous écoute | ||
| 505 | _aNuevos modelos de apoyo europeo a la cooperación artística transfronteriza | ||
| 505 | _aNoticias | ||
| 650 |
_2Tesauro de Arte & Arquitectura _aARTE |
||
| 650 |
_2Tesauro de Arte & Arquitectura _aCULTURA |
||
| 650 |
_2Tesauro de Arte & Arquitectura _aOCUPACIÓN |
||
| 650 |
_2Tesauro de Arte & Arquitectura _aNOTICIAS |
||
| 942 |
_2ddc _c1 _h306.4 _iI61k _n0 |
||
| 999 |
_c4119 _d4119 |
||